| 000 | 00552nam a2200181 a 4500 | ||
|---|---|---|---|
| 005 | 20240911063852.0 | ||
| 008 | 991125s1980 mx 000 0 spa u | ||
| 035 | _aUPN01000005081 | ||
| 049 | _aF | ||
| 050 | 4 |
_aLE7.3931 E75 _bF61 |
|
| 100 | 1 | _aLira Mora, Humberto | |
| 245 | 1 | 0 |
_aAutonomía constitucional / _cHumberto Lira Mora. |
| 260 |
_aMéxico : _bUAEM, Facultad de Ciencias Políticas y Administración Pública, _c1980. |
||
| 300 | _a41 p. | ||
| 440 | 0 |
_aEstudios y análisis ; _v1 |
|
| 650 | 2 |
_aAutonomía universitaria _93802 |
|
| 905 | _aLibro | ||
| 999 |
_c5081 _d5081 |
||